| 000 | 00748cab a2200241 4500 | ||
|---|---|---|---|
| 001 | WB2845-52 | ||
| 008 | 090401t1992 xxu||||| |||| 00| 0 eng d | ||
| 035 | _a(Sirsi) u63657 | ||
| 041 | _aeng | ||
| 245 | _aDevaluation of green pound | ||
| 260 | _c1992 | ||
| 350 | _a0 | ||
| 490 |
_aFinancial Times _v17 November 1992, 30(1) |
||
| 520 | _aThe `green pound` has been devalued by 7.5% to close the monetary gap between the real and the green pound, which widened to 14.4% following the flotation of sterling. | ||
| 650 | _aDEVALUATION | ||
| 650 | _aEUROPEAN COMMUNITY | ||
| 650 | _aGREEN POUND | ||
| 650 | _aMONETARY COMPENSATORY AMOUNT SYSTEM | ||
| 650 | _aSTERLING | ||
| 690 | _aRURAL PRACTICE | ||
| 942 | _n0 | ||
| 948 | _c04/03/1997 | ||
| 999 |
_c39584 _d39584 |
||